00303pab a2200121 454500008004000000100001600040245005800056260000900114300001000123362000900133650002300142773001600165180718b1984 xxu||||| |||| 00| 0 eng d aTibor, G.J. aIndiabConcepts for the future in irrigation planning c1984 a19-23 aJan. aIrrigation - India aITCC Review